|
|
|
|
| LEADER |
01044pam a22003378a 4500 |
| 001 |
00034402 |
| 005 |
20171026081025.0 |
| 008 |
160822s2002 ||||||viesd |
| 020 |
|
|
|c 39500
|
| 041 |
0 |
# |
|a vie
|
| 082 |
1 |
4 |
|a 650.076
|b GM110C
|
| 245 |
1 |
0 |
|a GMAT CAT success
|c Vũ Tài Hoa, Nguyễn Văn Phước (chú giải), Ban biên dịch First News
|b Chương trình luyện thi GMAT
|
| 250 |
# |
# |
|a 2002 ed
|
| 260 |
# |
# |
|a TP. Hồ Chí Minh
|b Trẻ
|c 2002
|
| 300 |
# |
# |
|a 380 tr.
|c 21 cm.
|
| 490 |
# |
# |
|a Peterson's
|
| 653 |
# |
# |
|a Bài tập
|
| 653 |
# |
# |
|a Tiếng Anh
|
| 653 |
# |
# |
|a Quản trị kinh doanh
|
| 653 |
# |
# |
|a Luyện thi
|
| 653 |
# |
# |
|a GMAT
|
| 700 |
1 |
# |
|a Nguyễn, Văn Phước
|e Chú giải
|
| 700 |
1 |
# |
|a Vũ, Tài Hoa
|e Chú giải
|
| 710 |
|
|
|a Ban biên dịch First News
|
| 852 |
# |
# |
|j KD.0017449
|
| 852 |
# |
# |
|b Kho đọc
|j KD.0017449
|
| 910 |
|
|
|d 22/08/2016
|
| 980 |
# |
# |
|a Trung tâm Học liệu Lê Vũ Hùng, Trường Đại học Đồng Tháp
|